000 00416nam a2200145Ia 4500
008 220217s9999||||xx |||||||||||||| ||und||
020 _a81-203-1275-9
082 _a658.403 BEL
100 _aBell, Gail Freeman Balkwill, James
245 0 _aManagement in engineering principles and practice
250 _a2nd
260 _aPrentice hall of india
_bNew Delhi
_c2003
300 _b195
650 _aMANAGEMENT
999 _c169141
_d169141